Stakes and ladders (Record no. 74245)

MARC details
000 -LEADER
fixed length control field 01411cab a2200229 4500
001 - CONTROL NUMBER
control field ABS67477
008 - FIXED-LENGTH DATA ELEMENTS--GENERAL INFORMATION
fixed length control field 040304n2004 000 0 eng u
035 ## - SYSTEM CONTROL NUMBER
System control number (Sirsi) u125342
100 ## - MAIN ENTRY--PERSONAL NAME
Personal name Bingham, T.
245 ## - TITLE STATEMENT
Title Stakes and ladders
260 ## - PUBLICATION, DISTRIBUTION, ETC.
Date of publication, distribution, etc. 2004
490 ## - SERIES STATEMENT
Series statement Building
Volume/sequential designation 269(8319) 13 February 2004, 48-49(2)
520 ## - SUMMARY, ETC.
Summary, etc. Tells of a dispute between "IDE Contracting Ltd v RG Carter Cambridge" (TCC),[2004] BLR 172-178(7). IDE, a subcontractor began an adjudication for unpaid sums and issued a standard notice of adjudication. RG argued that the rules in The Scheme for Construction Contracts (SCE) had laid out an established procedure for finding a substitute adjudicator and this had not been followed. When the result of the adjudication were issued and a £120 147 award announced, RG refused to pay and IDE sought to enforce it in the HC and lost. Concluded that the SCE needs to be followed very precisely even if this goes against the common sense of the two parties.
590 ## - LOCAL NOTE (RLIN)
Local note ABS
650 ## - SUBJECT ADDED ENTRY--TOPICAL TERM
Topical term or geographic name entry element IDE CONTRACTING LTD V RG CARTER CAMBRIDGE
650 ## - SUBJECT ADDED ENTRY--TOPICAL TERM
Topical term or geographic name entry element MANAGEMENT-DISPUTE AVOIDANCE, MANAGEMENT AND RESOLUTION-DISPUTE MANAGEMENT AND RESOLUTION-ALTERNATIVE DISPUTE RESOLUTION-ADJUDICATION
650 ## - SUBJECT ADDED ENTRY--TOPICAL TERM
Topical term or geographic name entry element UNPAID FEES
650 ## - SUBJECT ADDED ENTRY--TOPICAL TERM
Topical term or geographic name entry element SCHEME FOR CONSTRUCTION CONTRACTS
650 ## - SUBJECT ADDED ENTRY--TOPICAL TERM
Topical term or geographic name entry element CHARTERED INSTITUTE OF ARBITRATORS
690 ## - LOCAL SUBJECT ADDED ENTRY--TOPICAL TERM (OCLC, RLIN)
Topical term or geographic name as entry element BUILT ENVIRONMENT-BUILDING CONTRACT FORMS
942 ## - ADDED ENTRY ELEMENTS (KOHA)
Suppress in OPAC 0
Holdings
Withdrawn status Lost status Source of classification or shelving scheme Damaged status Not for loan Home library Current library Shelving location Date acquired Total Checkouts Full call number Barcode Date last seen Copy number Price effective from Koha item type
    Dewey Decimal Classification     London London Journal article 04/03/2004   ABS67477 125342-1001 06/08/2019 1 06/08/2019 Journal article